[Event "PreTEC 2025 <1400"]
[Site "Chambly CAN"]
[Date "2025.04.09"]
[Round "4.13"]
[White "Vallee, Genevieve"]
[Black "Lauzon, Francois"]
[Result "1-0"]
[WhiteElo "1228"]
[BlackElo "1177"]
[WhiteFideId "-1"]
[WhiteFideId "-1"]
[PlyCount "95"]
[GameId "2191150457091716"]
[EventDate "2025.03.19"]
[EventType "swiss"]
[EventRounds "5"]
[EventCountry "CAN"]

1. e4 c5 2. c3 d5 3. e5 Nc6 4. d4 Bf5 5. Nf3 h6 6. Bb5 e6 7. O-O a6 8. Ba4 b5 9. Bc2 Bxc2 10. Qxc2 Rc8 11. Qd1 c4 12. b4 a5 13. a4 Rb8 14. axb5 Rxb5 15. Qa4 Na7 16. Na3 Qd7 17. Nxb5 Nxb5 18. Qxa5 Ne7 19. Bb2 Nc8 20. Qa4 Be7 21. Qd1 O-O 22. Nd2 f5 23. Nb1 Nca7 24. Qf3 Bg5 25. Bc1 f4 26. Qg4 Rf5 27. h4 Be7 28. Bxf4 g5 29. hxg5 hxg5 30. Be3 Qe8 31. g3 Qf7 32. Kg2 Qg6 33. Rh1 Rf7 34. Bd2 Qe4+ 35. Qxe4 dxe4 36. Re1 Bd8 37. Rxe4 Bb6 38. Rg4 Rf5 39. Bxg5 Kf7 40. f4 Nxd4 41. cxd4 Bxd4 42. Ra3 Nb5 43. Ra8 c3 44. Rc8 Bxe5 45. fxe5 Rxe5 46. Nxc3 Nd6 47. Rc7+ Ke8 48. Bf4 1-0

[Event "PreTEC 2025 <1400"]
[Site "Chambly CAN"]
[Date "2025.04.09"]
[Round "4.14"]
[White "Tarte, Ariste"]
[Black "Duran Diaz, Cesar Andres"]
[Result "1-0"]
[WhiteElo "1182"]
[BlackElo "840"]
[WhiteFideId "-1"]
[WhiteFideId "-1"]
[PlyCount "79"]
[GameId "2191150457091717"]
[EventDate "2025.03.19"]
[EventType "swiss"]
[EventRounds "5"]
[EventCountry "CAN"]

1. e4 e6 2. d4 d5 3. f4 c5 4. e5 Nc6 5. Nf3 f6 6. Bb5 Nge7 7. O-O a6 8. Bxc6+ Nxc6 9. c3 Be7 10. Be3 b6 11. Nbd2 O-O 12. Nb3 c4 13. Nbd2 b5 14. Qe1 b4 15. Qg3 g6 16. Nh4 f5 17. Ndf3 Bxh4 18. Nxh4 Qe8 19. Nf3 Rb8 20. Rab1 bxc3 21. bxc3 Rxb1 22. Rxb1 Bd7 23. h4 Rf7 24. h5 Rg7 25. h6 Re7 26. Bc1 Rf7 27. Ng5 Rf8 28. Ba3 Ne7 29. Qf2 Qd8 30. Rb6 Qxb6 31. Bxe7 Re8 32. Bc5 Qb1+ 33. Kh2 Rb8 34. Ba3 Rb5 35. Qh4 Qxa2 36. Bc5 Qc2 37. Nxe6 Rxc5 38. Qd8+ Kf7 39. Qxd7+ Kg8 40. Qe8# 1-0

[Event "PreTEC 2025 <1400"]
[Site "Chambly CAN"]
[Date "2025.04.09"]
[Round "4.15"]
[White "Evenko, Kirill"]
[Black "Boulerice, Nicolas"]
[Result "1-0"]
[WhiteElo "1181"]
[BlackElo "937"]
[WhiteFideId "-1"]
[WhiteFideId "-1"]
[PlyCount "59"]
[GameId "2191150457091718"]
[EventDate "2025.03.19"]
[EventType "swiss"]
[EventRounds "5"]
[EventCountry "CAN"]

1. c4 e5 2. Nc3 Nf6 3. g3 Bb4 4. Bg2 c6 5. e3 b6 6. Nge2 Bb7 7. O-O O-O 8. a3 Bc5 9. d4 exd4 10. exd4 Bd6 11. Bf4 Bxf4 12. Nxf4 Qc7 13. Re1 c5 14. d5 d6 15. Ne4 Nxe4 16. Rxe4 Nc6 17. dxc6 Bxc6 18. Nd5 b5 19. Nxc7 Bxe4 20. Bxe4 Rac8 21. Qxd6 Rfd8 22. Qxc5 Re8 23. f3 g6 24. Qxb5 Red8 25. Nd5 Rb8 26. Qc5 Rxb2 27. Ne7+ Kg7 28. Qe5+ Kh6 29. Nf5+ Kh5 30. g4+ 1-0

[Event "PreTEC 2025 <1400"]
[Site "Chambly CAN"]
[Date "2025.04.16"]
[Round "5.7"]
[White "Bonin, Francis"]
[Black "Morasse, Daniel"]
[Result "1-0"]
[WhiteElo "1274"]
[BlackElo "1366"]
[WhiteFideId "-1"]
[WhiteFideId "-1"]
[PlyCount "99"]
[GameId "2191150457091725"]
[EventDate "2025.03.19"]
[EventType "swiss"]
[EventRounds "5"]
[EventCountry "CAN"]

1. e4 e5 2. Nf3 d6 3. Bc4 Be7 4. d3 Nf6 5. h3 Nc6 6. Be3 h6 7. c3 a6 8. a4 Be6 9. Bxe6 fxe6 10. Qb3 Qc8 11. Nbd2 d5 12. O-O Bd6 13. Qc2 Ne7 14. d4 exd4 15. Bxd4 dxe4 16. Nxe4 Nxe4 17. Qxe4 O-O 18. Rfe1 Nf5 19. Qxe6+ Qxe6 20. Rxe6 Nxd4 21. Nxd4 Rf7 22. b4 Raf8 23. Nf3 Rd8 24. Rae1 Rfd7 25. Ne5 Bxe5 26. R6xe5 Rd1 27. Rxd1 Rxd1+ 28. Kh2 Kf7 29. Kg3 b6 30. a5 Rc1 31. Re3 b5 32. f3 Kf6 33. h4 Rc2 34. h5 Rd2 35. Kh3 Rd5 36. g4 c5 37. Kg3 cxb4 38. cxb4 Rd4 39. Re4 Rxe4 40. fxe4 Ke5 41. Kf3 Kf6 42. Kf4 Ke6 43. e5 Kf7 44. Kf5 Ke7 45. Kg6 Ke6 46. Kxg7 Kxe5 47. Kxh6 Kf6 48. Kh7 Kg5 49. h6 Kf6 50. Kg8 1-0

[Event "PreTEC 2025 <1400"]
[Site "Chambly CAN"]
[Date "2025.04.16"]
[Round "5.8"]
[White "Hebert, Sebastien"]
[Black "Laplante, Germain"]
[Result "1-0"]
[WhiteElo "1278"]
[BlackElo "1162"]
[WhiteFideId "-1"]
[WhiteFideId "-1"]
[PlyCount "75"]
[GameId "2191150457091726"]
[EventDate "2025.03.19"]
[EventType "swiss"]
[EventRounds "5"]
[EventCountry "CAN"]

1. e4 c6 2. Nf3 d5 3. exd5 cxd5 4. d4 Bg4 5. h3 Bxf3 6. Qxf3 e6 7. Bd3 Nc6 8. c3 Qa5 9. O-O Nf6 10. b4 Bxb4 11. cxb4 Qxb4 12. Bd2 Qe7 13. Bb5 O-O 14. Bxc6 bxc6 15. a3 Ne4 16. Bb4 c5 17. dxc5 Nxc5 18. Rc1 Rfc8 19. Nd2 a5 20. Bc3 Qg5 21. Bd4 Qxd2 22. Bxc5 Ra6 23. Be3 Rxc1+ 24. Rxc1 Qxc1+ 25. Bxc1 h6 26. Qc3 Ra8 27. Be3 a4 28. Qc6 Rd8 29. Qxa4 e5 30. Qa5 Rd7 31. Qb5 Rd8 32. Bb6 Rd6 33. Bc7 Re6 34. Qxd5 e4 35. Be5 Ra6 36. Qxe4 Rxa3 37. Qg4 g6 38. Qc8+ 1-0

[Event "PreTEC 2025 <1400"]
[Site "Chambly CAN"]
[Date "2025.04.16"]
[Round "5.9"]
[White "Doyon, Martin"]
[Black "Coutu, Olivier"]
[Result "0-1"]
[WhiteElo "1302"]
[BlackElo "1189"]
[WhiteFideId "-1"]
[WhiteFideId "-1"]
[PlyCount "94"]
[GameId "2191150457091727"]
[EventDate "2025.03.19"]
[EventType "swiss"]
[EventRounds "5"]
[EventCountry "CAN"]

1. d4 d5 2. e3 Nc6 3. Bd3 e5 4. c3 e4 5. Bc2 Nf6 6. f3 exf3 7. Nxf3 Bg4 8. O-O Bd6 9. Qe1 Qe7 10. Nbd2 O-O 11. e4 Bxf3 12. Rxf3 dxe4 13. Nxe4 Nxe4 14. Qxe4 Qxe4 15. Bxe4 Rae8 16. Re3 f5 17. Bxc6 bxc6 18. Bd2 Rxe3 19. Bxe3 f4 20. Bd2 Re8 21. Re1 Rxe1+ 22. Bxe1 Kf7 23. h3 Ke6 24. Kf2 h5 25. Kf3 Kf5 26. h4 Be7 27. g3 g5 28. hxg5 Bxg5 29. gxf4 Bxf4 30. Bg3 Bxg3 31. Kxg3 Ke4 32. Kh4 Kd3 33. Kxh5 Kc2 34. Kg5 Kxb2 35. c4 Kc3 36. c5 Kxd4 37. Kf4 a5 38. a4 Kxc5 39. Ke3 Kb4 40. Kd3 c5 41. Kc2 c4 42. Kb2 c3+ 43. Kc2 c5 44. Kc1 Kxa4 45. Kc2 Kb4 46. Kc1 Kb3 47. Kb1 c2+ 0-1

[Event "PreTEC 2025 <1400"]
[Site "Chambly CAN"]
[Date "2025.04.16"]
[Round "5.10"]
[White "De Guise, Ronald"]
[Black "Barhoumi, Amine"]
[Result "1-0"]
[WhiteElo "1297"]
[BlackElo "1295"]
[WhiteFideId "-1"]
[WhiteFideId "-1"]
[PlyCount "51"]
[GameId "2191150457091728"]
[EventDate "2025.03.19"]
[EventType "swiss"]
[EventRounds "5"]
[EventCountry "CAN"]

1. e4 c6 2. d4 d5 3. e5 Bf5 4. Bd3 Bxd3 5. Qxd3 e6 6. f4 c5 7. c3 Nc6 8. Nf3 cxd4 9. b4 dxc3 10. Nxc3 Bxb4 11. O-O Bxc3 12. Qxc3 Rc8 13. Qb2 Qb6+ 14. Kh1 Qxb2 15. Bxb2 Nge7 16. Nd4 Nxd4 17. Bxd4 b6 18. Rf3 O-O 19. Bb2 Rc2 20. Ba3 Rfc8 21. Rff1 Ng6 22. f5 Nxe5 23. fxe6 fxe6 24. Bd6 Nc4 25. Be7 Rc7 26. Rf8# 1-0

[Event "PreTEC 2025 <1400"]
[Site "Chambly CAN"]
[Date "2025.04.16"]
[Round "5.11"]
[White "Vallee, Genevieve"]
[Black "Alameddine, Karim"]
[Result "0-1"]
[WhiteElo "1228"]
[BlackElo "1304"]
[WhiteFideId "-1"]
[WhiteFideId "-1"]
[PlyCount "76"]
[GameId "2191150457091729"]
[EventDate "2025.03.19"]
[EventType "swiss"]
[EventRounds "5"]
[EventCountry "CAN"]

1. e4 e5 2. d3 Bc5 3. Nf3 Nc6 4. c3 Nf6 5. h3 d6 6. Be2 O-O 7. O-O Nh5 8. d4 Bb6 9. Ng5 Nf4 10. Nf3 Qf6 11. Bxf4 Qxf4 12. Qd3 Ne7 13. g3 Qf6 14. Kh2 Ng6 15. Qd2 c6 16. Na3 d5 17. dxe5 Nxe5 18. Nxe5 Qxe5 19. Bf3 dxe4 20. Rae1 Qf5 21. Bg2 Re8 22. Nc4 Bc7 23. Ne3 Qg5 24. Qc2 f5 25. f4 exf3 26. Rxf3 f4 27. h4 fxg3+ 28. Kg1 Qxh4 29. Kf1 Bh3 30. Nf5 Bxg2+ 31. Qxg2 Qh2 32. Ree3 Rad8 33. Rxe8+ Rxe8 34. Ne3 h5 35. Qxh2 gxh2 36. Kg2 g5 37. Nc2 Re2+ 38. Kh1 Rxc2 0-1

[Event "PreTEC 2025 <1400"]
[Site "Chambly CAN"]
[Date "2025.04.16"]
[Round "5.12"]
[White "Monette, Andre"]
[Black "Tarte, Ariste"]
[Result "1-0"]
[WhiteElo "1086"]
[BlackElo "1182"]
[WhiteFideId "-1"]
[WhiteFideId "-1"]
[PlyCount "71"]
[GameId "2191150457091730"]
[EventDate "2025.03.19"]
[EventType "swiss"]
[EventRounds "5"]
[EventCountry "CAN"]

1. e4 c6 2. d4 d5 3. e5 Bf5 4. Bd3 Be6 5. Nf3 g6 6. Nc3 Nh6 7. O-O Nf5 8. Ne2 Bg7 9. Ng5 Qc8 10. c3 O-O 11. Nf4 Bh6 12. Nfxe6 fxe6 13. Qg4 Ng7 14. Qh3 Bxg5 15. Bxg5 Nf5 16. g4 Ng7 17. Bxe7 Rf7 18. Bf6 Ne8 19. Bxg6 Rd7 20. g5 Nxf6 21. Qxe6+ Kg7 22. Qxf6+ Kg8 23. Bf5 Qe8 24. Be6+ Rf7 25. Bxf7+ Qxf7 26. Qxf7+ Kxf7 27. Rfe1 Ke6 28. Re3 Nd7 29. Rh3 Rg8 30. f4 Nf8 31. Rf1 Kf5 32. Kh1 Rg7 33. Kg2 Ng6 34. Kg3 Ke4 35. Kg4 Nxe5+ 36. fxe5 1-0

[Event "PreTEC 2025 <1400"]
[Site "Chambly CAN"]
[Date "2025.04.16"]
[Round "5.13"]
[White "Couvrette, Jacques"]
[Black "Tse, Edwin"]
[Result "1/2-1/2"]
[WhiteElo "915"]
[BlackElo "1275"]
[WhiteFideId "-1"]
[WhiteFideId "-1"]
[PlyCount "55"]
[GameId "2191150457091731"]
[EventDate "2025.03.19"]
[EventType "swiss"]
[EventRounds "5"]
[EventCountry "CAN"]

1. d4 d5 2. c4 c6 3. Nc3 Nf6 4. Nf3 e6 5. a3 Nbd7 6. Bg5 Qa5 7. e3 Ne4 8. b4 Bxb4 9. axb4 Qxb4 10. Qc2 Nxc3 11. Bd3 Ne4+ 12. Ke2 Nxg5 13. Nxg5 h6 14. c5 hxg5 15. Rhb1 Qxb1 16. Rxb1 Nf6 17. Rh1 Bd7 18. f3 Nh5 19. Qb1 a5 20. Qxb7 Ke7 21. Qc7 Nf6 22. Qd6+ Kd8 23. Qe5 a4 24. Rb1 Re8 25. Rb7 a3 26. Qc7+ Ke7 27. Qd6+ Kd8 28. Qc7+ 1/2-1/2

[Event "PreTEC 2025 <1400"]
[Site "Chambly CAN"]
[Date "2025.04.16"]
[Round "5.14"]
[White "Duran Diaz, Cesar Andres"]
[Black "Lauzon, Francois"]
[Result "0-1"]
[WhiteElo "840"]
[BlackElo "1177"]
[WhiteFideId "-1"]
[WhiteFideId "-1"]
[PlyCount "76"]
[GameId "2191150457091732"]
[EventDate "2025.03.19"]
[EventType "swiss"]
[EventRounds "5"]
[EventCountry "CAN"]

1. d4 Nf6 2. Nf3 g6 3. Bg5 Bg7 4. Bxf6 Bxf6 5. e4 Nc6 6. e5 Bg7 7. Bb5 a6 8. Bxc6 bxc6 9. Nc3 d5 10. O-O O-O 11. Qd3 Bf5 12. Qd2 Rb8 13. b3 Bg4 14. Qf4 Qd7 15. h3 Bxf3 16. Qxf3 f5 17. Qd3 Ra8 18. Rfe1 e6 19. a4 a5 20. Rab1 Qe7 21. Rb2 f4 22. f3 Qh4 23. Rf1 Rf5 24. Ne2 Bh6 25. Kh2 Qe7 26. g4 fxg3+ 27. Kxg3 Raf8 28. Kh2 Bf4+ 29. Nxf4 Rxf4 30. Rg1 Rxf3 31. Rxg6+ hxg6 32. Qxg6+ Qg7 33. Qxe6+ Qf7 34. Qg4+ Kh8 35. Rb1 Rf2+ 36. Kg3 Rg8 37. Qxg8+ Kxg8 38. Rg1 Qf4# 0-1

[Event "PreTEC 2025 <1400"]
[Site "Chambly CAN"]
[Date "2025.04.16"]
[Round "5.15"]
[White "Capotorto, Michele"]
[Black "Evenko, Kirill"]
[Result "0-1"]
[WhiteElo "940"]
[BlackElo "1181"]
[WhiteFideId "-1"]
[WhiteFideId "-1"]
[PlyCount "47"]
[GameId "2191150457091733"]
[EventDate "2025.03.19"]
[EventType "swiss"]
[EventRounds "5"]
[EventCountry "CAN"]

1. Nf3 d5 2. d4 Nf6 3. Bg5 Bf5 4. Nc3 e6 5. e3 a6 6. Bd3 Bg6 7. O-O Bd6 8. Qe2 O-O 9. g3 h6 10. Bh4 Bxd3 11. Qxd3 g5 12. e4 dxe4 13. Nxe4 gxh4 14. Nxh4 Nfd7 15. Qe3 Kh7 16. Ng5+ hxg5 17. Qxg5 Rg8 18. Qe3 Kg7 19. Qg5+ Kf8 20. Qh6+ Ke7 21. Rae1 Qf8 22. Qe3 Kd8 23. Qf3 Kc8 24. Re4 {À partir d'ici, les feuilles de parties contiennent des erreurs et sont illisibles. Les Noirs l'ont emportE vers le 62e coup.} 0-1

[Event "Quebec op"]
[Site "Longueuil CAN"]
[Date "2025.07.20"]
[Round "1"]
[White "Saine, Zachary"]
[Black "Lesiege, Alexandre"]
[Result "0-1"]
[WhiteElo "2116"]
[BlackElo "2503"]
[WhiteFideId "-1"]
[WhiteFideId "-1"]
[PlyCount "86"]
[GameId "2212582974126641"]
[EventDate "2025.07.21"]
[EventType "swiss"]
[EventRounds "9"]
[EventCountry "CAN"]

1. e4 e5 2. Nf3 Nc6 3. Bc4 Bc5 4. c3 Nf6 5. d4 exd4 6. e5 d5 7. Bb5 Ne4 8. cxd4 Bb6 9. Nc3 O-O 10. Be3 f6 11. Qb3 Nxc3 12. Bxc6 bxc6 13. Qxc3 a5 14. O-O Bd7 15. exf6 gxf6 16. Bh6 Rf7 17. Rfe1 Kh8 18. Qe3 Bg4 19. Rac1 Qd7 20. Rc3 Bxf3 21. gxf3 c5 22. Qf4 cxd4 23. Rcc1 c5 24. Qh4 Rg8+ 25. Kh1 Qf5 26. Qf4 Qxf4 27. Bxf4 c4 28. Re6 Bc5 29. Bd6 Bxd6 30. Rxd6 Rg5 31. Rd1 d3 32. b3 Rc7 33. f4 Rf5 34. Rd8+ Kg7 35. Rg1+ Kf7 36. Rh8 Ke6 37. Re1+ Kd6 38. Rd8+ Kc5 39. bxc4 dxc4 40. Rc1 Rd5 41. Re8 d2 42. Rd1 c3 43. Re3 c2 0-1

[Event "Quebec op"]
[Site "Longueuil CAN"]
[Date "2025.07.21"]
[Round "2.1"]
[White "Kantans, Toms"]
[Black "Moses, Neil"]
[Result "1-0"]
[WhiteElo "2514"]
[BlackElo "2202"]
[WhiteFideId "-1"]
[WhiteFideId "-1"]
[PlyCount "65"]
[GameId "2210042026696890"]
[EventDate "2025.07.21"]
[EventType "swiss"]
[EventRounds "9"]
[EventCountry "CAN"]

1. e4 c5 2. Nf3 e6 3. d4 cxd4 4. Nxd4 a6 5. Bd3 Nf6 6. c4 Nc6 7. Be3 d5 8. exd5 exd5 9. Nxc6 bxc6 10. O-O Be7 11. Qc2 O-O 12. cxd5 cxd5 13. Bd4 h6 14. Nc3 Be6 15. Rfe1 Nd7 16. Rad1 Bf6 17. Be2 Qa5 18. Qd2 Bxd4 19. Qxd4 Nf6 20. b4 Qc7 21. Na4 Qd6 22. Nc5 Rfc8 23. a3 Rc7 24. Nb3 Rac8 25. g3 Nd7 26. Bd3 Qc6 27. Rc1 Qa4 28. Rxc7 Rxc7 29. Qb2 Rc8 30. Nd4 Rf8 31. f4 Bh3 32. Bf5 Bxf5 33. Nxf5 1-0

[Event "Quebec op"]
[Site "Longueuil CAN"]
[Date "2025.07.21"]
[Round "2.3"]
[White "Lesiege, Alexandre"]
[Black "Kraiouchkine, Nikita"]
[Result "1-0"]
[WhiteElo "2503"]
[BlackElo "2185"]
[WhiteFideId "-1"]
[WhiteFideId "-1"]
[PlyCount "59"]
[GameId "2202502043017429"]
[EventDate "2025.07.21"]
[EventType "swiss"]
[EventRounds "9"]
[EventCountry "CAN"]

1. d4 d5 2. c4 c6 3. Nf3 Nf6 4. g3 dxc4 5. Bg2 e6 6. O-O Nbd7 7. a4 b5 8. axb5 cxb5 9. Nc3 Qb6 10. b3 Bb4 11. Na2 Be7 12. bxc4 bxc4 13. Ne5 Bb7 14. Nxc4 Qa6 15. Bxb7 Qxb7 16. Na5 Qd5 17. Bd2 Rc8 18. Bb4 Bxb4 19. Nxb4 Qb5 20. Qa4 Qxe2 21. Nac6 Kf8 22. d5 exd5 23. Rae1 Qh5 24. Qa6 Rc7 25. Qa3 Nc5 26. Qa5 Nce4 27. Qxc7 g6 28. Qe5 Ng5 29. Qxf6 Nf3+ 30. Kg2 1-0

[Event "Quebec op"]
[Site "Longueuil CAN"]
[Date "2025.07.21"]
[Round "2.4"]
[White "Guillemette, Hugo"]
[Black "Sambuev, Bator"]
[Result "0-1"]
[WhiteElo "2175"]
[BlackElo "2413"]
[WhiteFideId "-1"]
[WhiteFideId "-1"]
[PlyCount "94"]
[GameId "2202504209793622"]
[EventDate "2025.07.21"]
[EventType "swiss"]
[EventRounds "9"]
[EventCountry "CAN"]

1. d4 Nf6 2. c4 e6 3. g3 d5 4. Nf3 dxc4 5. Bg2 c6 6. a4 b5 7. Bg5 Bb7 8. Ne5 a6 9. O-O Be7 10. Bxf6 gxf6 11. Ng4 h5 12. Ne3 h4 13. Nc3 Qb6 14. b3 cxb3 15. Qxb3 hxg3 16. hxg3 b4 17. Nc4 Qc7 18. Ne4 Nd7 19. Rfc1 a5 20. Qe3 Rd8 21. Nc5 Nxc5 22. dxc5 Rh5 23. Nb2 Qe5 24. Qb3 Rf5 25. Nc4 Qd5 26. e3 Qxc5 27. f4 Qa7 28. Rd1 Rfd5 29. Bxd5 exd5 30. Nd2 c5 31. Qd3 c4 32. Qe2 Bc5 33. Kh2 Ke7 34. Nf3 Qb6 35. Nd4 Rh8+ 36. Kg2 Bxd4 37. exd4+ Qe6 38. Re1 Kd6 39. f5 Qxe2+ 40. Rxe2 Bc8 41. g4 c3 42. Rae1 Bd7 43. Re7 Rf8 44. Kf3 c2 45. g5 fxg5 46. f6 b3 47. R7e2 Rc8 0-1

[Event "Quebec op"]
[Site "Longueuil CAN"]
[Date "2025.07.22"]
[Round "3.1"]
[White "Sambuev, Bator"]
[Black "Kantans, Toms"]
[Result "1/2-1/2"]
[WhiteElo "2413"]
[BlackElo "2514"]
[WhiteFideId "-1"]
[WhiteFideId "-1"]
[PlyCount "115"]
[GameId "2202506158580318"]
[EventDate "2025.07.21"]
[EventType "swiss"]
[EventRounds "9"]
[EventCountry "CAN"]

1. d4 Nf6 2. c4 e6 3. Nc3 Bb4 4. e3 b6 5. Bd3 Bb7 6. Nf3 O-O 7. O-O c5 8. Na4 Qe7 9. a3 Ba5 10. Rb1 Rc8 11. Ne5 Na6 12. b3 d6 13. Ng4 Ne8 14. e4 h5 15. Ne3 cxd4 16. b4 dxe3 17. Qxh5 Nf6 18. Qh4 Bc6 19. Nc3 Nc5 20. Bc2 Nd5 21. Qxe7 exf2+ 22. Rxf2 Nxe7 23. Bf4 Nb7 24. e5 dxe5 25. Bxe5 f6 26. Bg3 e5 27. h4 Be8 28. Be4 Rab8 29. Nd5 Nxd5 30. Bxd5+ Kh7 31. Rfb2 Bg6 32. Rc1 Nc5 33. bxc5 Rxc5 34. Bf2 Rc7 35. Be3 Rd8 36. Kf2 f5 37. g3 Bf7 38. Bg5 Rd6 39. Bxf7 Rxf7 40. Rb5 f4 41. Rd5 fxg3+ 42. Kxg3 Rxd5 43. cxd5 Rd7 44. Rd1 Bc3 45. Kf3 b5 46. Ke4 a5 47. Kf5 b4 48. Ke6 Rb7 49. axb4 Bxb4 50. d6 Rb6 51. Kxe5 Bxd6+ 52. Rxd6 Rxd6 53. Kxd6 a4 54. Ke5 a3 55. Bc1 a2 56. Bb2 Kh6 57. Kf4 Kh5 58. Bxg7 1/2-1/2

[Event "Quebec op"]
[Site "Longueuil CAN"]
[Date "2025.07.22"]
[Round "3.2"]
[White "Rodrigue-Lemieux, Shawn"]
[Black "Lesiege, Alexandre"]
[Result "1/2-1/2"]
[WhiteElo "2510"]
[BlackElo "2503"]
[WhiteFideId "-1"]
[WhiteFideId "-1"]
[PlyCount "21"]
[GameId "2202508794741890"]
[EventDate "2025.07.21"]
[EventType "swiss"]
[EventRounds "9"]
[EventCountry "CAN"]

1. c4 e5 2. g3 Nf6 3. Bg2 c6 4. d4 e4 5. Bg5 d5 6. Bxf6 Qxf6 7. Nc3 Bb4 8. e3 O-O 9. Nge2 Nd7 10. O-O Qd6 11. Qb3 1/2-1/2

[Event "Quebec op"]
[Site "Longueuil CAN"]
[Date "2025.07.22"]
[Round "3.3"]
[White "Tanaka, Tyler"]
[Black "Chiku-Ratte, Olivier-Kenta"]
[Result "1/2-1/2"]
[WhiteElo "2254"]
[BlackElo "2303"]
[WhiteFideId "-1"]
[WhiteFideId "-1"]
[PlyCount "24"]
[GameId "2202509497664650"]
[EventDate "2025.07.21"]
[EventType "swiss"]
[EventRounds "9"]
[EventCountry "CAN"]

1. e4 c5 2. Nf3 e6 3. c3 d5 4. exd5 Qxd5 5. d4 Nf6 6. Na3 Be7 7. Nb5 Na6 8. Be2 cxd4 9. Qxd4 O-O 10. O-O Rd8 11. Rd1 Qxd4 12. Nbxd4 Nc5 1/2-1/2

[Event "Quebec op"]
[Site "Longueuil CAN"]
[Date "2025.07.23"]
[Round "4.1"]
[White "Kantans, Toms"]
[Black "Rodrigue-Lemieux, Shawn"]
[Result "0-1"]
[WhiteElo "2514"]
[BlackElo "2510"]
[WhiteFideId "-1"]
[WhiteFideId "-1"]
[PlyCount "168"]
[GameId "2202800891897243"]
[EventDate "2025.07.21"]
[EventType "swiss"]
[EventRounds "9"]
[EventCountry "CAN"]

1. e4 c6 2. d4 d5 3. e5 c5 4. dxc5 e6 5. Be3 Nd7 6. Bb5 Ne7 7. Bd4 Nc6 8. Bxc6 bxc6 9. b4 a5 10. a3 Ba6 11. Nd2 Qb8 12. Rb1 axb4 13. axb4 Nxe5 14. Ngf3 Ng6 15. c4 dxc4 16. O-O f6 17. Re1 Be7 18. Rxe6 Qc8 19. Re3 O-O 20. Qc2 c3 21. Bxc3 Rf7 22. Qb3 Bf8 23. Ne4 Nf4 24. Nd4 Nd5 25. Rg3 Rb8 26. Qa2 Ra8 27. Qc2 Qd7 28. Ba1 Re8 29. h3 Rfe7 30. Nxf6+ Nxf6 31. Qa2+ Qd5 32. Qxa6 Re1+ 33. Rxe1 Rxe1+ 34. Kh2 Ne4 35. Nf3 Rd1 36. Rg4 Nxf2 37. Rd4 Rh1+ 38. Kg3 Ne4+ 39. Kf4 g5+ 40. Ke3 Nxc5 41. Rxd5 Nxa6 42. Rxg5+ Kf7 43. Rf5+ Ke8 44. Bc3 Bxb4 45. Bxb4 Nxb4 46. Rh5 Nd5+ 47. Kd4 Nf6 48. Rh4 Kf7 49. Ke5 Rd1 50. Kf5 Kg7 51. Rc4 Nd5 52. Rg4+ Kf8 53. Ke6 Nc7+ 54. Kf5 Nd5 55. Ra4 Ne3+ 56. Kf6 Rd6+ 57. Ke5 Rd5+ 58. Ke4 Nf5 59. Ra8+ Kg7 60. Ra7+ Kg8 61. g4 Nd6+ 62. Ke3 c5 63. Rc7 c4 64. Kf4 Rd3 65. h4 c3 66. Ne5 Rd4+ 67. Kg5 Re4 68. Nd7 Rc4 69. Nf6+ Kf8 70. Nxh7+ Ke8 71. Nf6+ Kd8 72. Rd7+ Kc8 73. Rxd6 c2 74. h5 c1=Q+ 75. Kg6 Qc2+ 76. Kh6 Qh2 77. Re6 Qf4+ 78. g5 Rc5 79. Nh7 Kd7 80. Rf6 Qd2 81. Kg6 Qc2+ 82. Kg7 Rf5 83. h6 Ke7 84. Ra6 Rf7+ 0-1

[Event "Quebec op"]
[Site "Longueuil CAN"]
[Date "2025.07.23"]
[Round "4.2"]
[White "Batorshyn, Ilia"]
[Black "Sambuev, Bator"]
[Result "0-1"]
[WhiteElo "2325"]
[BlackElo "2413"]
[WhiteFideId "-1"]
[WhiteFideId "-1"]
[PlyCount "52"]
[GameId "2202872003635907"]
[EventDate "2025.07.21"]
[EventType "swiss"]
[EventRounds "9"]
[EventCountry "CAN"]

1. d4 e6 2. c4 Nf6 3. Nc3 Bb4 4. Qc2 O-O 5. a3 Bxc3+ 6. Qxc3 b5 7. cxb5 c6 8. e3 Bb7 9. f3 Nd5 10. Qc2 cxb5 11. Bd3 f5 12. e4 fxe4 13. fxe4 Qh4+ 14. g3 Qg4 15. exd5 Bxd5 16. Ne2 Bxh1 17. Bxh7+ Kh8 18. Nf4 Nc6 19. Be3 Rxf4 20. gxf4 Qh4+ 21. Kd2 Qxh2+ 22. Kc3 Qh3 23. Kd2 Rc8 24. Rg1 Ne7 25. Qd3 Qh2+ 26. Ke1 Rc1+ 0-1

[Event "Quebec op"]
[Site "Longueuil CAN"]
[Date "2025.07.23"]
[Round "4.3"]
[White "Lesiege, Alexandre"]
[Black "Chiku-Ratte, Olivier-Kenta"]
[Result "1/2-1/2"]
[WhiteElo "2503"]
[BlackElo "2303"]
[WhiteFideId "-1"]
[WhiteFideId "-1"]
[PlyCount "35"]
[GameId "2202836938686551"]
[EventDate "2025.07.21"]
[EventType "swiss"]
[EventRounds "9"]
[EventCountry "CAN"]

1. Nf3 d5 2. d4 c5 3. dxc5 Nf6 4. a3 e6 5. e3 Bxc5 6. c4 O-O 7. b4 Be7 8. Nbd2 b6 9. Bb2 Bb7 10. Be2 dxc4 11. Bxc4 Ne4 12. Nxe4 Bxe4 13. Ke2 Nd7 14. Qb3 Bf6 15. Rhd1 Bxb2 16. Qxb2 Qe7 17. Rac1 a5 18. Bb5 1/2-1/2

[Event "Quebec op"]
[Site "Longueuil CAN"]
[Date "2025.07.23"]
[Round "4.4"]
[White "Moses, Neil"]
[Black "Tanaka, Tyler"]
[Result "1/2-1/2"]
[WhiteElo "2202"]
[BlackElo "2254"]
[WhiteFideId "-1"]
[WhiteFideId "-1"]
[PlyCount "49"]
[GameId "2202837146294570"]
[EventDate "2025.07.21"]
[EventType "swiss"]
[EventRounds "9"]
[EventCountry "CAN"]

1. e4 e5 2. Nf3 Nc6 3. Bb5 a6 4. Ba4 Nf6 5. O-O b5 6. Bb3 Bc5 7. c3 d6 8. a4 Rb8 9. axb5 axb5 10. d4 Bb6 11. h3 O-O 12. Re1 h6 13. Na3 exd4 14. Nxb5 dxc3 15. Nxc3 Re8 16. Ba4 Bd7 17. Nd2 Ne5 18. Qc2 Bxa4 19. Rxa4 Qd7 20. Nc4 Nxc4 21. Rxc4 Qe6 22. Ra4 d5 23. Be3 Qc6 24. Bxb6 cxb6 25. Re2 1/2-1/2

[Event "Quebec op"]
[Site "Longueuil CAN"]
[Date "2025.07.23"]
[Round "5.2"]
[White "Kantans, Toms"]
[Black "Lesiege, Alexandre"]
[Result "1-0"]
[WhiteElo "2514"]
[BlackElo "2503"]
[WhiteFideId "-1"]
[WhiteFideId "-1"]
[PlyCount "91"]
[GameId "2202897304789537"]
[EventDate "2025.07.21"]
[EventType "swiss"]
[EventRounds "9"]
[EventCountry "CAN"]

1. e4 e5 2. Nf3 Nc6 3. Bb5 Nf6 4. d3 Bc5 5. Bxc6 dxc6 6. O-O Nd7 7. Nbd2 O-O 8. Nc4 Re8 9. Kh1 a5 10. a4 b6 11. b3 f6 12. Nh4 Nf8 13. f4 exf4 14. Bb2 g5 15. Qh5 b5 16. axb5 cxb5 17. Rxa5 Rxa5 18. Nxa5 Bb6 19. Nc6 Qd7 20. Nf5 Qxc6 21. Nh6+ Kg7 22. h4 Ng6 23. hxg5 Kf8 24. Bxf6 Be6 25. Nf5 Bg8 26. Rxf4 Qd7 27. Bb2 Be6 28. Rf1 Bxf5 29. exf5 Qf7 30. Bf6 Ne7 31. Qh6+ Kg8 32. d4 Nd5 33. Be5 Qf8 34. Qh3 Ne7 35. Rf3 Nc6 36. g6 h6 37. g7 Qa3 38. Qxh6 Nxe5 39. Qh8+ Kf7 40. Qxe8+ Kxe8 41. g8=Q+ Kd7 42. Qe6+ Kd8 43. Qxe5 Qa1+ 44. Kh2 Bxd4 45. Qxd4+ Qxd4 46. Rd3 1-0